Análisis y diseño de las redes inalambricas de las sedes de laboratorio de sistemas y claustro san francisco para mejorar la calidad del internet en la corporacion universitaria rafael nuñez. / (Registro nro. 5932)
[ vista simple ]
| 000 -LEADER | |
|---|---|
| fixed length control field | 02151nam a2200229 4500 |
| 001 - CONTROL NUMBER | |
| control field | 0000000535 |
| 005 - DATE AND TIME OF LATEST TRANSACTION | |
| control field | 20250329165508.0 |
| 008 - FIXED-LENGTH DATA ELEMENTS--GENERAL INFORMATION | |
| fixed length control field | 170718s2017 000 0 eng d |
| 040 ## - CATALOGING SOURCE | |
| Original cataloging agency | CO-CtgCURN |
| Language of cataloging | spa |
| Transcribing agency | coctgcurn |
| 082 0# - DEWEY DECIMAL CLASSIFICATION NUMBER | |
| Classification number | TSI 2017 |
| Item number | C112 |
| 100 1# - MAIN ENTRY--PERSONAL NAME | |
| Personal name | Cabarcas Duque, Marco Antonio. |
| 245 10 - TITLE STATEMENT | |
| Title | Análisis y diseño de las redes inalambricas de las sedes de laboratorio de sistemas y claustro san francisco para mejorar la calidad del internet en la corporacion universitaria rafael nuñez. / |
| Statement of responsibility, etc. | Marco Antonio Cabarcas Duque; Docente: Marcos Soto Berrocal. |
| 260 ## - PUBLICATION, DISTRIBUTION, ETC. | |
| Place of publication, distribution, etc. | Cartagena de Indias : |
| Name of publisher, distributor, etc. | Corporacion Universitaria Rafael Nuñez, |
| Date of publication, distribution, etc. | 2017. |
| 504 ## - BIBLIOGRAPHY, ETC. NOTE | |
| Bibliography, etc. note | Trabajo de grado (Tecnologo en sistemas de información y software). Corporacion Universitaria Rafael Nuñez. Facultad de ingenieria de sistema. Tecnologia en sistema de información y software, 2018. |
| 520 ## - SUMMARY, ETC. | |
| Summary, etc. | Durante el analisis de las redes inalambricas de la sede de laboratorio de sistemas y Claustro San Francisco el dia 11 de mayo de 2017 se obtuvo información la cual evidenciaba que se esta empleando un sistema de red inalambrica que no abastece en su totalidad las sedes mencionadas, información que esta basada en la evaluacion que se realizo por medio del software netspot en cada sede, teniendo en cuenta la velocidad, intensidad de señal y latencia, los resultados revelaron que el estado de las redes no es optimo, el estado de las redes inalambricas diagnosticadas no es optimo, información que puede ser de valor para el area de TI en aras de tomar acciones correctivas que eviten una mayor deficiencia de la red, servicio que afecta directamente a todos los recursos tecnologicos institucionales. |
| 650 #0 - SUBJECT ADDED ENTRY--TOPICAL TERM | |
| Topical term or geographic name entry element | Sistemas de información y software |
| General subdivision | Tesis y disertaciones academicas. |
| 700 1# - ADDED ENTRY--PERSONAL NAME | |
| Personal name | Cabarcas Duque, Marco Antonio. |
| 700 1# - ADDED ENTRY--PERSONAL NAME | |
| Personal name | Soto Berrocal, Marcos. |
| 856 ## - ELECTRONIC LOCATION AND ACCESS | |
| Uniform Resource Identifier | <a href="https://unicurn.sharepoint.com/:b:/s/biblioteca/EZ7Gu47Umv5BgjL_9EGZmS0B2Kzn5raniuGfJFV1vxqilQ?e=w508Cp">https://unicurn.sharepoint.com/:b:/s/biblioteca/EZ7Gu47Umv5BgjL_9EGZmS0B2Kzn5raniuGfJFV1vxqilQ?e=w508Cp</a> |
| Public note | Click aqui para ver el recurso en texto completo |
| 942 ## - ADDED ENTRY ELEMENTS (KOHA) | |
| Classification part | TSI 2017 |
| Item part | C112 |
| Source of classification or shelving scheme | Dewey Decimal Classification |
| Koha item type | Trabajos de grado |
| Withdrawn status | Lost status | Source of classification or shelving scheme | Damaged status | Not for loan | Collection | Home library | Current library | Shelving location | Date acquired | Source of acquisition | Cost, normal purchase price | Inventory number | Total checkouts | Full call number | Barcode | Date last seen | Copy number | Price effective from | Koha item type |
|---|---|---|---|---|---|---|---|---|---|---|---|---|---|---|---|---|---|---|---|
| Dewey Decimal Classification | Trabajos de grado | Miguel Henríquez Castañeda | Miguel Henríquez Castañeda | Trabajo de grado | 01/06/2017 | El autor | 350000.00 | 018737 | TSI 2017 C112 | 018737 | 01/06/2017 | 1 | 01/06/2017 | Trabajos de grado |